| 000 | 02761cam a2200817 4500 | ||
|---|---|---|---|
| 001 | 23007 | ||
| 003 | SK-KTurca | ||
| 005 | 20260514145435.0 | ||
| 008 | 240229s2023 xo g h 010 fdslo | ||
| 015 | _aSNBA2024/10 | ||
| 020 |
_a9788081643507 _q(viazané) |
||
| 040 |
_aSVKPO _bslo _cSVKPO _dSNK _erda |
||
| 041 | 1 |
_aslo _heng |
|
| 043 |
_ae-pl--- _ae-xo--- |
||
| 044 |
_axo _cSK |
||
| 072 | 7 |
_a821.111(73)-3 _xAmerická próza _2konspekt |
|
| 072 | 7 |
_a929 _xBiografie _2konspekt |
|
| 080 |
_a(=411.16)-055.2 _22011 |
||
| 080 |
_a329.17-051 _22011 |
||
| 080 |
_a323.12"1939/1945" _22011 |
||
| 080 |
_a343.819.5 _22011 |
||
| 080 |
_a94(100)"1939/1945" _22011 |
||
| 080 |
_a355.48(100)"1939/1945" _22011 |
||
| 080 |
_a(438) _22011 |
||
| 080 |
_a(437.6) _22011 |
||
| 080 |
_a821.111(73)-31 _22011 |
||
| 080 |
_a821-311.6 _22011 |
||
| 080 |
_a821-312.6 _22011 |
||
| 100 | 1 |
_aMidwood, Ellie _4aut |
|
| 240 | 1 | 4 |
_aThe girl in the striped dress _lSlovensky |
| 245 | 1 | 0 |
_aMoja duša zostala v Osvienčime _cEllie Midwood ; preložila: Barbora Andrezálová |
| 246 | 1 |
_iObálkový podnázov: _aOdvážila sa zamilovať. Odmietla sa vzdať nádeje |
|
| 250 | _aVydanie prvé | ||
| 264 | 1 |
_a[Bratislava] _bVydavateľstvo Motýľ, s.r.o. _c2023 |
|
| 300 |
_a343 strán _c21 cm |
||
| 336 |
_atext _btxt _2rdacontent |
||
| 337 |
_abez média _bn _2rdamedia |
||
| 338 |
_azväzok _bnc _2rdacarrier |
||
| 500 | _aPreložené z angličtiny | ||
| 500 | _aMiesto vydania podľa NA ISBN | ||
| 600 | 1 | 7 |
_aCitrónová, Helena, _d1920-2005 _2SNKMA |
| 600 | 1 | 7 |
_aWunsch, Franz, _d1922-2009 _2SNKMA |
| 610 | 1 | 7 |
_aOsvienčim (koncentračný tábor) _2SNKKA |
| 648 | 7 |
_a20. storočie _2SNKPH |
|
| 648 | 7 |
_a1939-1945 _2SNKPH |
|
| 648 | 7 |
_a1942-1947 _2SNKPH |
|
| 648 | 7 |
_a20th century _2SNKPHeng |
|
| 650 | 0 | 7 |
_ažidovské ženy _2SNKPH |
| 650 | 0 | 7 |
_anacisti _2SNKPH |
| 650 | 0 | 7 |
_aholokaust (1939-1945) _2SNKPH |
| 650 | 0 | 7 |
_akoncentračné tábory _2SNKPH |
| 650 | 0 | 7 |
_adruhá svetová vojna (1939-1945) _2SNKPH |
| 650 | 0 | 7 |
_aJewish women _2SNKPHeng |
| 650 | 0 | 7 |
_aNazis _2SNKPHeng |
| 650 | 0 | 7 |
_aHolocaust (1939-1945) _2SNKPHeng |
| 650 | 0 | 7 |
_aConcentration camps _2SNKPHeng |
| 650 | 0 | 7 |
_aWorld War (1939-1945) _2SNKPHeng |
| 651 | 7 |
_aOsvienčim (Poľsko) _2SNKPHgeo |
|
| 651 | 7 |
_aSlovensko _2SNKPHgeo |
|
| 651 | 7 |
_aOświęcim (Poland) _2SNKPHeng |
|
| 651 | 7 |
_aSlovakia _2SNKPHeng |
|
| 655 | 7 |
_aamerické romány _2SNKPH |
|
| 655 | 7 |
_ahistorické romány _2SNKPH |
|
| 655 | 7 |
_abiografické romány _2SNKPH |
|
| 655 | 7 |
_aAmerican novels _2SNKPHeng |
|
| 655 | 7 |
_aHistorical novels _2SNKPHeng |
|
| 655 | 7 |
_aBiographical novels _2SNKPHeng |
|
| 700 | 1 |
_aAndrezálová, Barbora _4trl |
|
| 942 |
_2ddc _cKLDO _n0 |
||
| 999 |
_c23007 _d23007 |
||